000
00280nam a22001337a 4500
008
181001b xxu||||| |||| 00| 0 eng d
020
_a
0669386332
041
_a
eng
080
_a
371
100
_a
25
101
_a
EDU
245
_a
Writers express
_c
Kemper,D
942
_2
udc
_c
BK
999
_c
48758
_d
48758